FNAF Character quiz - Statistics

General Stats
  • This quiz has been taken 5,081 times
  • The average score is 18 of 29
Answer Stats
Hint Character % Correct
Duck/Chicken Chica
97%
Bunny/Rabbit Bonnie
96%
A Not So Much Broken Fox Foxy
92%
He's A Gold Bear Golden Freddy
88%
Gold Bunny Springtrap
80%
He Calls You Every Night Phone Guy
79%
Jumpscares From Closet Nightmare Foxy
77%
Bear Freddy Fazbear
75%
Jumpscares You From the Left Side in FNAF 4 Nightmare Bonnie
72%
A Very Broken Fox Mangle
71%
Jumpscares From Your Bed Nightmare Freddy
71%
A Boy Balloon Boy
69%
Ballerina Ballora
67%
Jumpscares You From the Right Side in FNAF 4 Nightmare Chica
67%
In A Box Marionette
61%
Purple Bear Shadow Freddy
61%
Found In The Funtime Audiotorium Funtime Foxy
59%
Purple Bunny Shadow Bonnie
59%
Kills You At The End Of Sister Location Ennard
58%
The Bear's Puppet Bon-Bon
56%
Pink Nightmare Fox In Closet Nightmare Mangle
56%
Jumpscares From Anywhere Nightmare Fredbear
52%
Found In The Storage Room Funtime Freddy
51%
Circus Clown Baby
50%
Little Creepers On Your Bed Freddles
49%
He's A Human In A Spinglock Suit Purple Guy
48%
You Are What Night Guard
39%
Marionette Remastered Nightmarionne
37%
The Halloween Version Of The Two That Come From The Hallway Jack-Os
7%
No matching quizzes found
Score Distribution
Percent of People with Each Score
Percentile by Number Answered
Your Score History
You have not taken this quiz